[Event "Centrocoop June op-A"]
[Site "Eforie Nord "]
[Date "1998.??.??"]
[Round "?"]
[White "Anghel, Valentin"]
[Black "Chukhrova, Natalia"]
[Result "0-1"]
[WhiteElo "2120"]
[BlackElo "2000"]
[PlyCount "60"]
[EventDate "1998.06.??"]
[EventType "swiss"]
[EventRounds "11"]
[EventCountry "ROU"]
[SourceTitle "EXT 2000"]
[Source "ChessBase"]
[SourceDate "1999.11.16"]
[SourceVersion "1"]
[SourceVersionDate "1999.11.16"]
[SourceQuality "1"]

1. d4 d5 2. c4 e6 3. Nc3 Nf6 4. Nf3 Be7 5. Bg5 0-0 6. e3 Re8 7. Bd3 Nbd7 8. 0-0 c6 9. Qc2 h6 10. Bh4 e5 11. Bxf6 Bxf6 12. cxd5 exd4 13. exd4 Nb6 14. dxc6 bxc6 15. Be4 Nd5 16. h3 Rb8 17. Rab1 Qd6 18. Rfe1 Be6 19. Bh7+ Kh8 20. Ne4 Qf4 21. Nxf6 Nxf6 22. Be4 Bxa2 23. Ra1 Bb3 24. Qxc6 Rxe4 25. Rxe4 Qxe4 26. Qc5 Be6 27. Ne5 Bd5 28. f3 Qe3+ 29. Kh2 Rxb2 30. Qf8+ Kh7 0-1

[Event "Centrocoop June op-A"]
[Site "Eforie Nord "]
[Date "1998.??.??"]
[Round "?"]
[White "Chukhrova, Natalia"]
[Black "Solcanean, Serghei"]
[Result "0-1"]
[WhiteElo "2000"]
[BlackElo "2265"]
[PlyCount "112"]
[EventDate "1998.06.??"]
[EventType "swiss"]
[EventRounds "11"]
[EventCountry "ROU"]
[SourceTitle "EXT 2000"]
[Source "ChessBase"]
[SourceDate "1999.11.16"]
[SourceVersion "1"]
[SourceVersionDate "1999.11.16"]
[SourceQuality "1"]

1. e4 c5 2. Nf3 d6 3. d4 cxd4 4. Nxd4 Nf6 5. Nc3 a6 6. Bc4 e6 7. Bb3 b5 8. a3 Bb7 9. Qe2 Be7 10. 0-0 0-0 11. Re1 Qc8 12. Bf4 Re8 13. Nf3 Nc6 14. Rad1 Qc7 15. Rd3 Ne5 16. Nxe5 dxe5 17. Bc1 Rad8 18. Rh3 Rd4 19. Be3 Rd7 20. Bg5 Red8 21. Rg3 Kf8 22. h4 h6 23. Bc1 Qb6 24. Rh3 Bc5 25. Rf1 Bd4 26. Be3 Qc6 27. f3 Qb6 28. Bf2 Nh5 29. g3 Nf6 30. Rh2 Qc6 31. Nd1 Bxf2+ 32. Nxf2 Qb6 33. Kh1 a5 34. Nd3 Qd4 35. Qf2 Rc7 36. Qxd4 exd4 37. Rd2 Nd7 38. Nf4 e5 39. Nd5 Bxd5 40. Bxd5 Nb6 41. Ba2 Rdc8 42. Rff2 Na4 43. f4 Nxb2 44. fxe5 Nc4 45. Bxc4 Rxc4 46. e6 f6 47. e5 Ke7 48. exf6+ gxf6 49. Rfe2 R8c6 50. Re4 Rxc2 51. Rexd4 Rxd2 52. Rxd2 Kxe6 53. Kg2 Ke5 54. Rd3 b4 55. axb4 axb4 56. Kf3 Rc3 0-1

[Event "Centrocoop June op-A"]
[Site "Eforie Nord "]
[Date "1998.??.??"]
[Round "?"]
[White "Craciun, Ovidiu"]
[Black "Chukhrova, Natalia"]
[Result "1-0"]
[WhiteElo "2225"]
[BlackElo "2000"]
[PlyCount "73"]
[EventDate "1998.06.??"]
[EventType "swiss"]
[EventRounds "11"]
[EventCountry "ROU"]
[SourceTitle "EXT 2000"]
[Source "ChessBase"]
[SourceDate "1999.11.16"]
[SourceVersion "1"]
[SourceVersionDate "1999.11.16"]
[SourceQuality "1"]

1. c4 f5 2. Nc3 Nf6 3. g3 d6 4. Bg2 g6 5. d4 Bg7 6. Nh3 c6 7. 0-0 0-0 8. d5 Qe8 9. Re1 h6 10. f4 Na6 11. Nf2 Nc5 12. Qc2 a5 13. Be3 cxd5 14. cxd5 Bd7 15. Rad1 Rc8 16. Qb1 b5 17. Bxc5 dxc5 18. e3 b4 19. Ne2 Bb5 20. e4 fxe4 21. Nxe4 Ng4 22. Bh3 Bd7 23. Qd3 Ne5 24. fxe5 Bxh3 25. Nf2 Bf5 26. Qe3 g5 27. g4 Bh7 28. Ng3 Qa4 29. b3 Qxa2 30. Re2 Qa3 31. d6 exd6 32. exd6 Bd4 33. Qe6+ Kh8 34. Nf5 Rcd8 35. Rxd4 Bxf5 36. Qxh6+ Bh7 37. Re7 1-0

[Event "Centrocoop June op-A"]
[Site "Eforie Nord "]
[Date "1998.??.??"]
[Round "?"]
[White "Telea, Stefan"]
[Black "Chukhrova, Natalia"]
[Result "1-0"]
[WhiteElo "2155"]
[BlackElo "2000"]
[PlyCount "115"]
[EventDate "1998.06.??"]
[EventType "swiss"]
[EventRounds "11"]
[EventCountry "ROU"]
[SourceTitle "EXT 2000"]
[Source "ChessBase"]
[SourceDate "1999.11.16"]
[SourceVersion "1"]
[SourceVersionDate "1999.11.16"]
[SourceQuality "1"]

1. g3 e6 2. Bg2 d5 3. d4 Nf6 4. c4 dxc4 5. Nf3 c5 6. 0-0 Nc6 7. Qa4 Bd7 8. Qxc4 b5 9. Qd3 c4 10. Qd1 Rc8 11. b3 cxb3 12. axb3 Be7 13. Ne5 Qb6 14. Nxd7 Nxd7 15. Be3 Nb4 16. d5 Bc5 17. dxe6 Qxe6 18. Bxc5 Nxc5 19. Qd4 Qf6 20. Qxf6 gxf6 21. Rxa7 Nxb3 22. Bh3 Rb8 23. Nc3 0-0 24. Rb1 Nc6 25. Ra6 Nbd4 26. e3 Nf3+ 27. Kg2 Nce5 28. Rxb5 Rxb5 29. Nxb5 Rb8 30. Nd4 Ne1+ 31. Kg1 Kg7 32. Ra1 N1f3+ 33. Kg2 Ng5 34. Bf5 Rb6 35. Ra7 Nc6 36. Rd7 Kg8 37. h4 Nxd4 38. exd4 Ne6 39. d5 Nd4 40. Rd8+ Kg7 41. Bc8 f5 42. g4 fxg4 43. Bxg4 Kf6 44. Rd7 Ke5 45. Rxf7 Rh6 46. Kg3 Kxd5 47. h5 Ke5 48. f4+ Ke4 49. Re7+ Kd5 50. Kh4 Nc6 51. Rd7+ Rd6 52. Rxh7 Ke4 53. Kg5 Rd8 54. Bf5+ Kf3 55. Rd7 Ke3 56. Rxd8 Nxd8 57. Kf6 Kxf4 58. h6 1-0

[Event "Cappelle op 08th"]
[Site "Cappelle la Grande"]
[Date "1992.??.??"]
[Round "5"]
[White "Lalic, Susan"]
[Black "Chukhrova, Natalia"]
[Result "1-0"]
[WhiteElo "2320"]
[BlackElo "2100"]
[PlyCount "51"]
[EventDate "1992.02.??"]
[EventType "swiss"]
[EventRounds "9"]
[EventCountry "FRA"]
[SourceTitle "EXT 1997"]
[Source "ChessBase"]
[SourceDate "1996.11.15"]
[SourceVersion "1"]
[SourceVersionDate "1996.11.15"]
[SourceQuality "1"]

1. e4 e5 2. Nf3 Nc6 3. d4 exd4 4. Nxd4 Nf6 5. Nxc6 bxc6 6. e5 Qe7 7. Qe2 Nd5 8. c4 Ba6 9. b3 Qh4 10. Bb2 Bc5 11. g3 Qg5 12. Nd2 Nb6 13. Bg2 0-0 14. 0-0 Rfe8 15. Ne4 Qe7 16. Qg4 Kh8 17. e6 f6 18. Nxc5 Qxc5 19. exd7 Re7 20. Rad1 Rd8 21. Rfe1 Bb7 22. Bd4 Qb4 23. Bc3 Rxe1+ 24. Rxe1 Qf8 25. Bb4 Qg8 26. Re7 1-0